Taking a chance? (Record no. 73697)

MARC details
000 -LEADER
fixed length control field 01065cam a2200229 4500
001 - CONTROL NUMBER
control field ABS67170
008 - FIXED-LENGTH DATA ELEMENTS--GENERAL INFORMATION
fixed length control field 031029n2003 000 0 eng u
035 ## - SYSTEM CONTROL NUMBER
System control number (Sirsi) u124163
100 ## - MAIN ENTRY--PERSONAL NAME
Personal name Birch, J.
245 ## - TITLE STATEMENT
Title Taking a chance?
260 ## - PUBLICATION, DISTRIBUTION, ETC.
Date of publication, distribution, etc. 2003
490 ## - SERIES STATEMENT
Series statement Roof
Volume/sequential designation 28(6) November/December 2003, 22-25 (4)
520 ## - SUMMARY, ETC.
Summary, etc. With some experts predicting a severe decline or at least a slowdown in the housing market over the next few years, the article examines the key elements of the safety net available to protect mortgage borrowers. Looks from this perspective at state help, mortgage protection insurance, debt and savings, house prices, mortgage rates, inflation, the labour market, the law, lender attitudes and vulnerable groups. Concludes that borrowers look better placed now to withstand the effects of a housing market crash than in 1989.
590 ## - LOCAL NOTE (RLIN)
Local note ABS
650 ## - SUBJECT ADDED ENTRY--TOPICAL TERM
Topical term or geographic name entry element DEBT
650 ## - SUBJECT ADDED ENTRY--TOPICAL TERM
Topical term or geographic name entry element MORTGAGE PROTECTION
650 ## - SUBJECT ADDED ENTRY--TOPICAL TERM
Topical term or geographic name entry element MORTGAGE DEBT
650 ## - SUBJECT ADDED ENTRY--TOPICAL TERM
Topical term or geographic name entry element MORTGAGES
650 ## - SUBJECT ADDED ENTRY--TOPICAL TERM
Topical term or geographic name entry element HOUSE PRICES
690 ## - LOCAL SUBJECT ADDED ENTRY--TOPICAL TERM (OCLC, RLIN)
Topical term or geographic name as entry element HOUSING-OWNER OCCUPIED
942 ## - ADDED ENTRY ELEMENTS (KOHA)
Suppress in OPAC 0
Holdings
Withdrawn status Lost status Source of classification or shelving scheme Damaged status Not for loan Home library Current library Shelving location Date acquired Total Checkouts Full call number Barcode Date last seen Copy number Price effective from Koha item type
    Dewey Decimal Classification     London London Journal article 29/10/2003   ABS67170 124163-1001 06/08/2019 1 06/08/2019 Journal article